Romances da Renascença / (Record no. 154252)

MARC details
000 -LEADER
campo de control de longitud fija 00727nam a22002175i 4500
001 - NÚMERO DE CONTROL
campo de control 154252
003 - IDENTIFICADOR DE NÚMERO DE CONTROL
campo de control ES-MaACL
005 - FECHA Y HORA DE LA ÚLTIMA TRANSACCIÓN
campo de control 20260315185702.0
008 - DATOS DE LONGITUD FIJA--INFORMACIÓN GENERAL
campo de control de longitud fija 050819s1875 po |||| | por d
040 ## - FUENTE DE CATALOGACIÓN
Centro catalogador/agencia de origen CAM
Lengua de catalogación spa
Centro/agencia transcriptor CAM
100 1# - ENTRADA PRINCIPAL--NOMBRE DE PERSONA
Nombre de persona Garrett, Almeida.
9 (RLIN) 55660
245 10 - MENCIÓN DEL TÍTULO
Título Romances da Renascença /
Mención de responsabilidad, etc. V. de Almeida Garret.
250 ## - MENCION DE EDICION
Mención de edición 5ª ed.
260 ## - PUBLICACIÓN, DISTRIBUCIÓN, ETC.
Lugar de publicación, distribución, etc. Lisboa :
Nombre del editor, distribuidor, etc. Imprensa Nacional,
Fecha de publicación, distribución, etc. 1875.
300 ## - DESCRIPCIÓN FÍSICA
Extensión XXVI, 269 p. ;
Dimensiones 16 cm.
490 1# - MENCIÓN DE SERIE
Mención de serie Obras do Visconde de Almeida-Garrett ;
Designación de volumen o secuencia 4.
Mención de serie Romanceiro ;
Designación de volumen o secuencia 1
752 ## - ENTRADA AGREGADA--NOMBRE JERÁRQUICO DEL LUGAR
País o entidad superior Portugal -
Ciudad Lisboa
830 0# - PUNTO DE ACCESO ADICIONAL DE SERIE-TÍTULO UNIFORME
Título uniforme Obras do Visconde de Almeida-Garret ;
-- Romanceiro
Designación de volumen o secuencia 4.
-- 1
9 (RLIN) 221476
852 ## - LOCALIZACIÓN
Ubicación ES-MaACL
Número de control de estantería G-8615
Nota libre -- Enc. pasta española
Holdings
Estatus retirado Estado de pérdida Estado de daño No para préstamo Colección Biblioteca de origen Biblioteca actual Ubicación en estantería Fecha de adquisición Fuente de adquisición Total de préstamos Signatura topográfica completa Código de barras Visto por última vez Precio de reemplazo Tipo de ítem Koha
        Libros del s. XIX Biblioteca del Ateneo de Madrid Biblioteca del Ateneo de Madrid Sala Pecera Planta 3 17/01/2008     G-8615 1161298 23/02/2023 23/02/2023 Libro impreso antiguo